AH International Schools' Libraries

Untold Tales of Spider-Man / (Record no. 49550)

MARC details
000 -LEADER
fixed length control field 00341nam a2200109 4500
020 ## - INTERNATIONAL STANDARD BOOK NUMBER
International Standard Book Number 9781572972940
245 ## - TITLE STATEMENT
Title Untold Tales of Spider-Man /
Statement of responsibility, etc Stan Lee and Kurt Busiek.
260 ## - PUBLICATION, DISTRIBUTION, ETC. (IMPRINT)
Place of publication, distribution, etc New York:
Name of publisher, distributor, etc Boulevard Books;
Date of publication, distribution, etc 1997.
300 ## - PHYSICAL DESCRIPTION
Extent 346 p.
Other physical details illustrations.
Dimensions 22 cm.
650 ## - SUBJECT ADDED ENTRY--TOPICAL TERM
Topical term or geographic name as entry element Spider - Man tales.
Form subdivision Fiction.
9 (RLIN) 86686
942 ## - ADDED ENTRY ELEMENTS (KOHA)
Source of classification or shelving scheme
Koha item type J FIC BOOKS
Holdings
Withdrawn status Lost status Source of classification or shelving scheme Damaged status Not for loan Collection code Home library Current library Shelving location Date acquired Total Checkouts Full call number Barcode Date last seen Date checked out Price effective from Koha item type
          SECONDARY Asian Hope Secondary Library Asian Hope Secondary Library Junior Fiction 09/10/2025 2 J FIC LEE 208711 04/07/2026 03/31/2026 09/10/2025 J FIC BOOKS

For any Logos Library related questions please contact Miss Art at swongnarasuk@asianhope.org.

For any Asian Hope Library related questions please contact Miss Raza at graza@asianhope.org.

Powered by Koha